00791cam a2200241 a 450000100090000000300040000900500170001300800410003001000170007102000150008804000130010304200100011604300120012605000230013808200160016124501010017726000660027830000410034450400560038565000250044165000360046671000470050215289745OSt20230605094211.0080506s2005 ke a b f000 0 eng  a 2008315222 a9966708405 aDLCcDLC alcode af-ke---00aJC599.K4bK47 2005 a323.49bKEN00aKenya :bthe state of human rights report, 2003-2004 : deficits, critiques, and recommendations. aNairobi :bKenya National Commission on Human Rights,cc2005. axii, [164] p. :bcol. ill. ;c25 cm. aIncludes bibliographical references (p. 161-[164]). 0aHuman rightszKenya. 0aHuman rights monitoringzKenya,2 aKenya National Commission on Human Rights.